• 首页
  • 本馆介绍
  • 公告通知
  • 最新文献
  • 馆藏检索
  • 电子资源
  • 读者导购
  • 参考咨询
  • 我的图书馆
  • 登录
  • 详细信息显示
  • 放入我的书架
  • 预约/预借图书
  • 作者相关作品
  • 分类相关作品
  • 丛书相关作品
  • 出版社相关作品

书目信息

  • 表格格式
  • 工作单格式
  • 卡片格式
题名:
动物生长发育调控
    
 
作者: 昝林森 主编
分册:  
出版信息: 北京   中国农业出版社  2020.11
页数: 237页
开本: 26cm
丛书名:
单 册:
中图分类: Q418
科图分类:
主题词: 动物--发育生物学
电子资源:
ISBN: 978-7-109-27482-2
000 00997nam0 2200265 45
001 012001002119
005 20140913113556.0
010    @a978-7-109-27482-2@dCNY85.00
100    @a20210318d2020 em y0chiy50 ea
101 0  @achi
102    @aCN@b110000
105    @aa z 000yy
106    @ar
200 1  @a动物生长发育调控@Adong wu sheng chang fa yu tiao kong@b专著@f昝林森主编
210    @a北京@c中国农业出版社@d2020.11
215    @a237页@c图@d26cm
300    @a“十三五”农业重点图书出版规划项目
300    @a并列题名:Regulation of animal growth and development
330    @a本书在介绍遗传、营养、环境因素对动物骨骼、肌肉、脂肪及神经等生长发育规律、调控机制及目前研究热点的基础上,对动物生长发育调控基础理论做了阐释,同时对相关科学问题和规律进行了揭示分析。
510 1  @aRegulation of animal growth and development@zeng
606 0  @a动物@x发育生物学
690    @aQ418@v5
701  0 @a昝林森@Azan lin sen@4主编
801  0 @aCN@bBJSDL@c20211011
905    @b1338511-4@dQ418@e43@f4
    
    动物生长发育调控/昝林森主编.-北京:中国农业出版社,2020.11
    237页:图;26cm
    “十三五”农业重点图书出版规划项目.-并列题名:Regulation of animal growth and development
    
    ISBN 978-7-109-27482-2:CNY85.00
    本书在介绍遗传、营养、环境因素对动物骨骼、肌肉、脂肪及神经等生长发育规律、调控机制及目前研究热点的基础上,对动物生长发育调控基础理论做了阐释,同时对相关科学问题和规律进行了揭示分析。
●
相关链接 在E读中查询图书 在五车中查询图书 在当当中查询图书 在豆瓣中查询图书


正题名:动物生长发育调控     索取号:Q418/43         预约/预借

序号 登录号 条形码 馆藏地/架位号 状态 备注
1 1338511   213385111   第二样本阅览室/ [索取号:Q418/43] 在馆    
2 1338512   213385120   第三借阅区/ [索取号:Q418/43] 在馆    
3 1338513   213385139   第三借阅区/ [索取号:Q418/43] 在馆    
4 1338514   213385148   第三借阅区/ [索取号:Q418/43] 在馆    
唐山师范学院图书馆 欢迎您!
大连网信软件有限公司© 版权所有